Statistics for 44大分県の市町村

Click here to take the quiz!

General Stats

  • This quiz has been taken 34 times
    (29 since last reset)
  • The average score is 13 of 18

Answer Stats

Answer% Correct
大分市
100%
別府市
100%
中津市
94%
日田市
94%
臼杵市
89%
佐伯市
83%
国東市
83%
宇佐市
83%
由布市
78%
杵築市
78%
竹田市
78%
津久見市
72%
豊後高田市
67%
豊後大野市
67%
玖珠郡玖珠町
44%
玖珠郡九重町
39%
速見郡日出町
28%
東国東郡姫島村
22%

Score Distribution

Percentile by Number Answered

Percent of People with Each Score

Your Score History

You have not taken this quiz since the last reset